Strength Of Materials (Record no. 318858)

MARC details
000 -LEADER
fixed length control field 00380nam a2200145Ia 4500
008 - FIXED-LENGTH DATA ELEMENTS--GENERAL INFORMATION
fixed length control field 230718s9999 xx 000 0 und d
041 ## - LANGUAGE CODE
Language code of text/sound track or separate title eng
082 ## - DEWEY DECIMAL CLASSIFICATION NUMBER
Classification number 620.112
Item number RAT
100 ## - MAIN ENTRY--PERSONAL NAME
Personal name Rattan S.S.
9 (RLIN) 162845
245 ## - TITLE STATEMENT
Title Strength Of Materials
260 ## - PUBLICATION, DISTRIBUTION, ETC. (IMPRINT)
Name of publisher, distributor, etc. Tata Mc-graw Hill Pub.
365 ## - TRADE PRICE
Currency code Rs.
Price amount 275.00
700 ## - ADDED ENTRY--PERSONAL NAME
Personal name Rattan S.S.
9 (RLIN) 162845
906 ## - LOCAL DATA ELEMENT F, LDF (RLIN)
d B:467603-Jun-2008
c MECH
b 55
Holdings
Withdrawn status Lost status Damaged status Not for loan Home library Current library Date acquired Vendor Budget Code Cost, normal purchase price Bill number Total Checkouts Full call number Barcode Date last seen Date last checked out Discount Cost, replacement price Bill Date Koha item type Original Barcode
        Cummins College of Engineering for Women Pune Cummins College of Engineering for Women Pune 26/06/2008 Tbs MECH 220.00 4676 17 620.112 CCEP-BK-30065 15/12/2025 11/11/2025 55 275.00 03/06/2008 Books 030065